[Event "Oberliga Ost A 2016 2017"]
[Site "Germany"]
[Date "2016.10.16"]
[Round "1.6"]
[White "Boehm, Robert"]
[Black "Oehl, Tim"]
[Result "1/2-1/2"]
[WhiteElo "2133"]
[BlackElo "2126"]
[PlyCount "83"]
[EventDate "2016.10.16"]
[EventType "team-tourn"]
[EventCountry "GER"]
[WhiteTeam "Hoyerswerda FVS ASP"]
[BlackTeam "Dresden USV TU II"]
[WhiteTeamCountry "GER"]
[BlackTeamCountry "GER"]

1. d4 Nf6 2. Nf3 g6 3. c4 Bg7 4. Nc3 d6 5. e4 O-O 6. Be2 e5 7. Be3 Nc6 8. d5
Ne7 9. Nd2 Ne8 10. c5 c6 11. dxc6 Nxc6 12. Nb3 Be6 13. cxd6 Bxb3 14. Qxb3 Nd4
15. Bxd4 exd4 16. Nd5 Nxd6 17. Bd3 Qa5+ 18. Kf1 Kh8 19. Re1 Rae8 20. Qb4 Qd8
21. Nf4 a5 22. Qd2 Re5 23. f3 Rfe8 24. Kf2 Qg5 25. g3 h5 26. h4 Qd8 27. Re2 b5
28. b3 Kh7 29. Qc2 Qb8 30. Rc1 Rc8 31. Qd2 b4 32. Rxc8 Qxc8 33. Qd1 Rc5 34. Rc2
Rc3 35. Kg2 Nb5 36. Nd5 Rxc2+ 37. Qxc2 Nc3 38. Nb6 Qc7 39. Nc4 Bh6 40. a4 bxa3
41. Nxa3 Bf8 42. Nc4 1/2-1/2

[Event "Oberliga Ost A 2016 2017"]
[Site "Germany"]
[Date "2016.10.16"]
[Round "1.7"]
[White "Schmalhofer, Adam"]
[Black "Schuh, Ruediger"]
[Result "0-1"]
[WhiteElo "2107"]
[BlackElo "2026"]
[PlyCount "72"]
[EventDate "2016.10.16"]
[EventType "team-tourn"]
[EventCountry "GER"]
[WhiteTeam "Dresden USV TU II"]
[BlackTeam "Hoyerswerda FVS ASP"]
[WhiteTeamCountry "GER"]
[BlackTeamCountry "GER"]

1. d4 Nf6 2. c4 g6 3. f3 c5 4. d5 Bg7 5. Nc3 O-O 6. e4 d6 7. Nge2 e6 8. Bg5 h6
9. Be3 exd5 10. cxd5 a6 11. Qd2 Kh7 12. a4 Nbd7 13. Nc1 Rb8 14. Nb3 Ne5 15. h3
Nh5 16. Bf2 Qf6 17. Qe3 c4 18. Nc1 b5 19. a5 Re8 20. Be2 Nf4 21. Kf1 b4 22. Nd1
Bd7 23. Bg3 Nxe2 24. Nxe2 Nd3 25. Rb1 Bb5 26. Kg1 Rbc8 27. Kh2 Rc5 28. Qd2 h5
29. Rg1 h4 30. Bf2 c3 31. bxc3 Nxf2 32. cxb4 Bh6 33. Qd4 Bf4+ 34. g3 hxg3+ 35.
Kg2 Be5 36. Qe3 Rc2 0-1

[Event "Oberliga Ost A 2016 2017"]
[Site "Germany"]
[Date "2016.10.16"]
[Round "1.8"]
[White "Heyme, Sibylle"]
[Black "Richter, Claudius"]
[Result "0-1"]
[WhiteElo "2036"]
[BlackElo "2027"]
[PlyCount "84"]
[EventDate "2016.10.16"]
[EventType "team-tourn"]
[EventCountry "GER"]
[WhiteTeam "Hoyerswerda FVS ASP"]
[BlackTeam "Dresden USV TU II"]
[WhiteTeamCountry "GER"]
[BlackTeamCountry "GER"]

1. e4 c5 2. Nf3 d6 3. d4 cxd4 4. Nxd4 Nf6 5. Nc3 a6 6. Be3 e5 7. Nb3 Be7 8. Be2
Be6 9. O-O Nbd7 10. Kh1 Qc7 11. a4 b6 12. f3 Qc6 13. Rf2 d5 14. exd5 Nxd5 15.
Nxd5 Bxd5 16. Bf1 O-O 17. Rd2 Be6 18. f4 Qc7 19. fxe5 Qxe5 20. Bd4 Qf4 21. Bg1
Rfd8 22. Qe2 Bf6 23. Nd4 Bg4 24. Qe3 Qxe3 25. Bxe3 Nc5 26. h3 Ne4 27. Rd3 Bh5
28. Kg1 Nc5 29. Rd2 Bg6 30. c3 Re8 31. Re1 Nxa4 32. Kf2 Nc5 33. Kg1 Bh4 34.
Ree2 Bd3 35. b4 Bxe2 36. Rxe2 Ne4 37. Rc2 Bf6 38. Nf5 Nxc3 39. Bxb6 Nd5 40. Bc5
Rab8 41. Rc4 a5 42. Bd6 axb4 0-1

[Event "Oberliga Ost A 2016 2017"]
[Site "Germany"]
[Date "2016.10.16"]
[Round "1.1"]
[White "Schuetze, Norman"]
[Black "Hoepfl, Thomas"]
[Result "1-0"]
[WhiteElo "2322"]
[BlackElo "2288"]
[PlyCount "63"]
[EventDate "2016.10.16"]
[EventType "team-tourn"]
[EventCountry "GER"]
[WhiteTeam "Loeberitz SG"]
[BlackTeam "Halle USV"]
[WhiteTeamCountry "GER"]
[BlackTeamCountry "GER"]

1. e4 e5 2. Nf3 Nc6 3. d4 exd4 4. Nxd4 Nf6 5. Nxc6 bxc6 6. e5 Qe7 7. Qe2 Nd5 8.
c4 Nb6 9. b3 a5 10. g3 a4 11. Ba3 Qe6 12. Bg2 axb3 13. axb3 Bb4+ 14. Bxb4 Rxa1
15. O-O Bb7 16. Qb2 Ra7 17. Bc5 Ra5 18. Qd4 Nc8 19. b4 Ra8 20. Nd2 Ne7 21. Nf3
h6 22. Qc3 Kd8 23. Nd4 Qg6 24. b5 Re8 25. b6 Nc8 26. bxc7+ Kxc7 27. f4 f6 28.
Qb2 fxe5 29. fxe5 Ra5 30. Qb4 Ra8 31. Rb1 Ba6 32. Qa5+ 1-0

[Event "Oberliga Ost A 2016 2017"]
[Site "Germany"]
[Date "2016.10.16"]
[Round "1.2"]
[White "Puls, Thomas"]
[Black "Schindler, Christian"]
[Result "1/2-1/2"]
[WhiteElo "2208"]
[BlackElo "2251"]
[PlyCount "94"]
[EventDate "2016.10.16"]
[EventType "team-tourn"]
[EventCountry "GER"]
[WhiteTeam "Halle USV"]
[BlackTeam "Loeberitz SG"]
[WhiteTeamCountry "GER"]
[BlackTeamCountry "GER"]

1. e4 Nf6 2. e5 Nd5 3. d4 d6 4. c4 Nb6 5. exd6 exd6 6. h3 Be7 7. Nf3 Bf5 8. Be2
O-O 9. O-O c6 10. Nc3 d5 11. c5 N6d7 12. Be3 Nf6 13. b4 Ne4 14. Qb3 Re8 15.
Rfd1 Bf6 16. Rac1 a6 17. a4 Nxc3 18. Rxc3 Nd7 19. Bf1 Nf8 20. Qb2 Ne6 21. Qd2
Be4 22. Ne1 h6 23. Nc2 Bxc2 24. Qxc2 Bg5 25. Qd2 Bxe3 26. Rxe3 Ng5 27. Rde1 Qd7
28. Bd3 Rxe3 29. Qxe3 Qe6 30. Qc1 Qf6 31. Re5 Ne6 32. Qe3 g6 33. g3 Kg7 34. Kg2
Rh8 35. f4 h5 36. h4 Rf8 37. Kh2 a5 38. b5 Rg8 39. b6 Rd8 40. Bxg6 Qxg6 41. f5
Qg4 42. Rxe6 fxe6 43. Qe5+ Kh7 44. Qc7+ Kh6 45. Qxd8 Qe2+ 46. Kh1 Qf3+ 47. Kh2
Qf2+ 1/2-1/2

[Event "Oberliga Ost A 2016 2017"]
[Site "Germany"]
[Date "2016.10.16"]
[Round "1.3"]
[White "Proehl, Holger"]
[Black "Hartge, Gedeon"]
[Result "1-0"]
[WhiteElo "2360"]
[BlackElo "2089"]
[PlyCount "111"]
[EventDate "2016.10.16"]
[EventType "team-tourn"]
[EventCountry "GER"]
[WhiteTeam "Loeberitz SG"]
[BlackTeam "Halle USV"]
[WhiteTeamCountry "GER"]
[BlackTeamCountry "GER"]

1. e4 c5 2. c3 g6 3. Nf3 Bg7 4. g3 Nc6 5. Bg2 e6 6. O-O Nge7 7. d3 O-O 8. Be3
b6 9. Qc1 d5 10. Bh6 Ba6 11. Bxg7 Kxg7 12. Rd1 Rc8 13. Na3 d4 14. e5 dxc3 15.
bxc3 Qc7 16. Qe3 Rfd8 17. Nc2 Nf5 18. Qe4 Bb7 19. Qf4 Nce7 20. g4 Nd5 21. Qd2
Nfe7 22. Na3 Ba6 23. Rac1 Nc6 24. Nc4 Rb8 25. a4 Rd7 26. Bf1 h6 27. d4 Bxc4 28.
Bxc4 Na5 29. Bxd5 Rxd5 30. Qf4 Qe7 31. c4 Rxd4 32. Nxd4 cxd4 33. Rb1 Rc8 34.
Rxd4 Nb7 35. Rb5 Nc5 36. a5 bxa5 37. Qe3 Qc7 38. Rb1 a4 39. Qf4 Qe7 40. Rd6 Rc7
41. Ra1 g5 42. Qe3 Nb7 43. Qd4 Nc5 44. Ra3 Nb3 45. Qc3 Nc5 46. Qe3 Nb7 47. Qd4
Nc5 48. h3 Nb3 49. Qc3 Nc5 50. Qe3 Nb7 51. Qd4 Nc5 52. Ra2 Kh7 53. Rb2 Nb3 54.
Qe4+ Kg7 55. Qa8 Rc5 56. Rd8 1-0

[Event "Oberliga Ost A 2016 2017"]
[Site "Germany"]
[Date "2016.10.16"]
[Round "1.4"]
[White "Luther, Juergen"]
[Black "Pallas, Sebastian"]
[Result "1/2-1/2"]
[WhiteElo "2156"]
[BlackElo "2225"]
[PlyCount "41"]
[EventDate "2016.10.16"]
[EventType "team-tourn"]
[EventCountry "GER"]
[WhiteTeam "Halle USV"]
[BlackTeam "Loeberitz SG"]
[WhiteTeamCountry "GER"]
[BlackTeamCountry "GER"]

1. c4 Nf6 2. Nc3 d5 3. d4 g6 4. Bg5 Ne4 5. Bh4 Nxc3 6. bxc3 Bg7 7. e3 c6 8.
cxd5 cxd5 9. Bd3 O-O 10. Ne2 Nc6 11. O-O Qd6 12. Rb1 e5 13. Bg3 Qe7 14. Qb3 Rd8
15. Rfc1 b6 16. Bb5 Bb7 17. Bxc6 Bxc6 18. dxe5 Bxe5 19. Qb4 Qxb4 20. cxb4 Bb5
21. Bxe5 1/2-1/2

[Event "Oberliga Ost A 2016 2017"]
[Site "Germany"]
[Date "2016.10.16"]
[Round "1.5"]
[White "Niegsch, Nicolas"]
[Black "Altstadt, Karl Simon"]
[Result "1-0"]
[WhiteElo "2191"]
[BlackElo "2002"]
[PlyCount "109"]
[EventDate "2016.10.16"]
[EventType "team-tourn"]
[EventCountry "GER"]
[WhiteTeam "Loeberitz SG"]
[BlackTeam "Halle USV"]
[WhiteTeamCountry "GER"]
[BlackTeamCountry "GER"]

1. e4 e5 2. Nc3 Nf6 3. Nf3 Bc5 4. Nxe5 Qe7 5. d4 Bb4 6. Bc4 O-O 7. O-O Bxc3 8.
bxc3 d6 9. Nd3 Qxe4 10. Re1 Qh4 11. Bf4 Nc6 12. Qd2 Na5 13. Bb3 Nxb3 14. axb3
Qh5 15. Bg5 Qg6 16. Ra5 Bf5 17. Bxf6 Qxf6 18. Qf4 Bxd3 19. Qxf6 gxf6 20. cxd3
Rfe8 21. Re4 Rxe4 22. dxe4 a6 23. Kf1 Kf8 24. Ke2 b6 25. Rh5 Kg7 26. Kd3 c6 27.
d5 c5 28. Rh3 b5 29. Re3 a5 30. Re2 Kg6 31. Ra2 Kg7 32. f3 Kf8 33. c4 b4 34.
Ra4 Kg7 35. Ke3 Kg6 36. Kf4 h6 37. g4 Ra7 38. h4 Ra8 39. h5+ Kg7 40. Kf5 Ra7
41. f4 Ra6 42. g5 fxg5 43. fxg5 hxg5 44. Kxg5 Ra7 45. h6+ Kh7 46. Ra1 Re7 47.
Kf5 Re5+ 48. Kf4 Kxh6 49. Rxa5 Rh5 50. Ra6 Rh4+ 51. Kf5 Rh3 52. e5 Rxb3 53.
exd6 Ra3 54. d7+ Rxa6 55. d8=Q 1-0

[Event "Oberliga Ost A 2016 2017"]
[Site "Germany"]
[Date "2016.10.16"]
[Round "1.6"]
[White "Groeger, Stefan"]
[Black "Schuster, Martin"]
[Result "1/2-1/2"]
[WhiteElo "2166"]
[BlackElo "2223"]
[PlyCount "182"]
[EventDate "2016.10.16"]
[EventType "team-tourn"]
[EventCountry "GER"]
[WhiteTeam "Halle USV"]
[BlackTeam "Loeberitz SG"]
[WhiteTeamCountry "GER"]
[BlackTeamCountry "GER"]

1. d4 Nf6 2. Nf3 e6 3. c4 d5 4. g3 Be7 5. Bg2 O-O 6. O-O dxc4 7. Qa4 a6 8. Qxc4
b5 9. Qc2 Bb7 10. Nc3 Nc6 11. Rd1 Nb4 12. Qb1 Nbd5 13. Nxd5 Bxd5 14. Bd2 c5 15.
dxc5 Bxc5 16. Bc3 Qb6 17. Bd4 Rac8 18. Bxc5 Qxc5 19. Qc1 Qb4 20. Qd2 Qxd2 21.
Rxd2 Rc5 22. b4 Rc4 23. Rb2 Rfc8 24. h3 h6 25. Ne5 Rc2 26. Rxc2 Rxc2 27. Bxd5
Nxd5 28. a4 bxa4 29. Rxa4 Rxe2 30. Nd7 Nc7 31. Nc5 Rb2 32. Nxa6 Nxa6 33. Rxa6
Rxb4 34. Ra7 g6 35. h4 Kg7 36. Kg2 h5 37. Kf3 Rb3+ 38. Ke2 Kf6 39. Rc7 e5 40.
Ra7 Ke6 41. Rc7 f6 42. Rg7 Kf5 43. Rf7 Rb6 44. Kf3 Rb4 45. Rf8 Ke6 46. Rg8 Rb3+
47. Ke2 Kf7 48. Ra8 Rb7 49. Ra6 Re7 50. Rb6 f5 51. Ra6 Re6 52. Ra8 Rb6 53. Ke3
Rb3+ 54. Ke2 f4 55. gxf4 exf4 56. Ra7+ Kf6 57. Ra6+ Kf5 58. f3 Re3+ 59. Kf2 Re6
60. Ra5+ Re5 61. Ra8 Re6 62. Rf8+ Rf6 63. Ra8 Ke6 64. Ra6+ Kf7 65. Ra7+ Kg8 66.
Rb7 Rf7 67. Rb5 Kg7 68. Ra5 Kh6 69. Rb5 Rf6 70. Ra5 Rb6 71. Kg2 Rb2+ 72. Kh3
Rb1 73. Kg2 Rb6 74. Kh3 Kg7 75. Ra4 Rf6 76. Kg2 Kf7 77. Kf2 Ke6 78. Ra5 Kd6 79.
Rb5 Ke6 80. Ra5 Rf5 81. Ra6+ Kf7 82. Ra7+ Kf6 83. Ra6+ Kg7 84. Ra7+ Rf7 85. Ra5
Kh6 86. Kg2 Kg7 87. Ra6 g5 88. hxg5 Rf5 89. Kh3 Rxg5 90. Kh4 Rg3 91. Kxh5 Rxf3
1/2-1/2

[Event "Oberliga Ost A 2016 2017"]
[Site "Germany"]
[Date "2016.10.16"]
[Round "1.7"]
[White "Otikova, Elina"]
[Black "Hartwig, Maik"]
[Result "1/2-1/2"]
[WhiteElo "2007"]
[BlackElo "2088"]
[PlyCount "74"]
[EventDate "2016.10.16"]
[EventType "team-tourn"]
[EventCountry "GER"]
[WhiteTeam "Loeberitz SG"]
[BlackTeam "Halle USV"]
[WhiteTeamCountry "GER"]
[BlackTeamCountry "GER"]

1. e4 g6 2. d4 Bg7 3. Nc3 d6 4. h3 Nf6 5. Nf3 O-O 6. Be3 c6 7. a4 b6 8. Be2 Qc7
9. O-O e5 10. Qd2 Ba6 11. Bxa6 Nxa6 12. Bh6 Rad8 13. Bxg7 Kxg7 14. dxe5 dxe5
15. Qg5 Rfe8 16. Nh4 Ng8 17. Rad1 h6 18. Qg3 Nf6 19. Rxd8 Rxd8 20. Nf3 Re8 21.
Nh4 Nc5 22. Qe3 a5 23. Qe2 Rd8 24. Nf3 Ne6 25. Rd1 Nd4 26. Nxd4 Rxd4 27. Rxd4
exd4 28. Nb1 Qe7 29. Nd2 Qb4 30. e5 Nd7 31. e6 Qe7 32. exd7 Qxe2 33. d8=Q Qxd2
34. Qxb6 Qe1+ 35. Kh2 Qxf2 36. Qxa5 Qf4+ 37. Kg1 Qe3+ 1/2-1/2

[Event "Oberliga Ost A 2016 2017"]
[Site "Germany"]
[Date "2016.10.16"]
[Round "1.8"]
[White "Hentzgen, Thomas"]
[Black "Mertens, Fridolin"]
[Result "1/2-1/2"]
[WhiteElo "2061"]
[BlackElo "2151"]
[PlyCount "58"]
[EventDate "2016.10.16"]
[EventType "team-tourn"]
[EventCountry "GER"]
[WhiteTeam "Halle USV"]
[BlackTeam "Loeberitz SG"]
[WhiteTeamCountry "GER"]
[BlackTeamCountry "GER"]

1. c4 Nf6 2. g3 e5 3. Bg2 c6 4. d4 d6 5. Nc3 Be7 6. e4 O-O 7. Nge2 Re8 8. O-O
Nbd7 9. d5 cxd5 10. cxd5 a5 11. h3 Nc5 12. Be3 b6 13. a3 Bd7 14. b4 Na6 15. Qb3
Rb8 16. Rfc1 b5 17. Nd1 a4 18. Qd3 h6 19. Ra2 Nh7 20. g4 Bg5 21. Ng3 g6 22. Qd2
Qf6 23. Bxg5 hxg5 24. Qe3 Qf4 25. Rac2 Qxe3 26. Nxe3 Rec8 27. Bf1 Rxc2 28. Rxc2
Rb7 29. Bd3 Rc7 1/2-1/2

[Event "Oberliga Ost A 2016 2017"]
[Site "Germany"]
[Date "2016.10.16"]
[Round "1.1"]
[White "Weitzer, Steffen"]
[Black "Langrock, Hannes"]
[Result "1/2-1/2"]
[WhiteElo "2224"]
[BlackElo "2405"]
[PlyCount "146"]
[EventDate "2016.10.16"]
[EventType "team-tourn"]
[EventCountry "GER"]
[WhiteTeam "Leipzig SG II"]
[BlackTeam "Leipzig SG"]
[WhiteTeamCountry "GER"]
[BlackTeamCountry "GER"]

1. d4 Nf6 2. Nf3 e6 3. Bf4 c5 4. e3 d5 5. Nbd2 Nc6 6. c3 Bd6 7. Bg3 O-O 8. Bd3
b6 9. Ne5 Bb7 10. f4 Ne7 11. Qf3 Nf5 12. Bf2 Be7 13. Ng4 Nxg4 14. Qxg4 Nd6 15.
Qh3 Ne4 16. Nf3 Qc8 17. Bh4 Bd6 18. O-O f5 19. Rfc1 Ba6 20. Bc2 Qd7 21. a4 Rac8
22. g4 Be2 23. gxf5 exf5 24. Ne5 Bxe5 25. dxe5 Rc6 26. Bg3 Rg6 27. c4 Bf3 28.
Qf1 Nd2 29. Qf2 dxc4 30. Rd1 Bxd1 31. Rxd1 Rd8 32. e6 Rxe6 33. Bxf5 Nf3+ 34.
Kg2 Qxd1 35. Bxe6+ Kh8 36. Qxf3 Qc2+ 37. Kh3 Qxb2 38. Bxc4 Qc2 39. Bh4 Rf8 40.
Bb5 a6 41. Bc6 c4 42. Be4 Qxa4 43. Qh5 Qd7+ 44. Kg3 g6 45. Qe5+ Qg7 46. Qd6 g5
47. fxg5 c3 48. g6 hxg6 49. Be7 Rf7 50. Bg5 Rd7 51. Qb8+ Kh7 52. h4 Re7 53.
Bxe7 Qxe7 54. Qf4 Kg7 55. Qg4 Qd6+ 56. Kh3 Kf7 57. h5 gxh5 58. Qxh5+ Ke7 59.
Qh7+ Ke6 60. Qg6+ Kd7 61. Qg7+ Kd8 62. Qh8+ Ke7 63. Qg7+ Kd8 64. Bf5 Qc6 65.
Qf8+ Kc7 66. Qe7+ Kb8 67. Qf8+ Ka7 68. Qe7+ Kb8 69. Be4 Qc8+ 70. Kg2 c2 71.
Qd6+ Ka7 72. Qe7+ Kb8 73. Qd6+ Ka7 1/2-1/2

[Event "Oberliga Ost A 2016 2017"]
[Site "Germany"]
[Date "2016.10.16"]
[Round "1.2"]
[White "Richter, Leonard"]
[Black "Schoeneberg, Manfred"]
[Result "1-0"]
[WhiteElo "2282"]
[BlackElo "2245"]
[PlyCount "83"]
[EventDate "2016.10.16"]
[EventType "team-tourn"]
[EventCountry "GER"]
[WhiteTeam "Leipzig SG"]
[BlackTeam "Leipzig SG II"]
[WhiteTeamCountry "GER"]
[BlackTeamCountry "GER"]

1. e4 g6 2. d4 Bg7 3. Nc3 c6 4. f4 d5 5. e5 h5 6. Nf3 Nh6 7. Be3 Bg4 8. h3 Nf5
9. Bf2 Bxf3 10. Qxf3 h4 11. Be2 e6 12. O-O Bf8 13. b3 Nd7 14. Na4 b5 15. Nb2
Rb8 16. Rab1 Be7 17. c4 bxc4 18. bxc4 Qa5 19. a4 O-O 20. cxd5 cxd5 21. Bb5 Rfd8
22. Qe2 Rbc8 23. Bd3 Nb6 24. Bxf5 gxf5 25. Qh5 Qd2 26. Bxh4 Rc2 27. Rf2 Qxd4
28. Rd1 Bxh4 29. Rxd4 Bxf2+ 30. Kh2 Bxd4 31. Qg5+ Kh7 32. Qh4+ Kg7 33. Qf6+ Kg8
34. Qxd8+ Kg7 35. Qf6+ Kg8 36. Qg5+ Kh7 37. Qh4+ Kg8 38. Qg3+ Kh7 39. Qd3 Rxb2
40. Qxd4 Ra2 41. Qc5 Rxa4 42. Qf8 1-0

[Event "Oberliga Ost A 2016 2017"]
[Site "Germany"]
[Date "2016.10.16"]
[Round "1.3"]
[White "Schunk, Thomas"]
[Black "Runau, Ralf"]
[Result "1-0"]
[WhiteElo "2185"]
[BlackElo "2340"]
[PlyCount "83"]
[EventDate "2016.10.16"]
[EventType "team-tourn"]
[EventCountry "GER"]
[WhiteTeam "Leipzig SG II"]
[BlackTeam "Leipzig SG"]
[WhiteTeamCountry "GER"]
[BlackTeamCountry "GER"]

1. c4 g6 2. Nc3 Bg7 3. g3 e5 4. Bg2 f5 5. e3 Nf6 6. d4 e4 7. Nge2 O-O 8. O-O d6
9. b4 Be6 10. Qb3 d5 11. cxd5 Nxd5 12. Nxd5 Bxd5 13. Qc2 Nd7 14. a4 Nf6 15. Ba3
g5 16. Nc3 g4 17. Rfd1 c6 18. Bf1 h6 19. b5 Rf7 20. bxc6 bxc6 21. Nxd5 cxd5 22.
Rdc1 Bf8 23. Qc6 Bxa3 24. Rxa3 Rb8 25. a5 Qd7 26. Rac3 Qxc6 27. Rxc6 Rbb7 28.
Ba6 Rb2 29. R6c2 Rxc2 30. Rxc2 Kg7 31. h4 gxh3 32. Kh2 Kg6 33. Kxh3 Kg5 34. Kg2
h5 35. Rc5 h4 36. Bc8 h3+ 37. Kxh3 Rh7+ 38. Kg2 Ng4 39. Rc2 Rh2+ 40. Kg1 Rh6
41. Bb7 Nh2 42. f4+ 1-0

[Event "Oberliga Ost A 2016 2017"]
[Site "Germany"]
[Date "2016.10.16"]
[Round "1.4"]
[White "Boehnisch, Manfred"]
[Black "Doehn, Raphael"]
[Result "1-0"]
[WhiteElo "2303"]
[BlackElo "2131"]
[PlyCount "73"]
[EventDate "2016.10.16"]
[EventType "team-tourn"]
[EventCountry "GER"]
[WhiteTeam "Leipzig SG"]
[BlackTeam "Leipzig SG II"]
[WhiteTeamCountry "GER"]
[BlackTeamCountry "GER"]

1. e4 c5 2. Nf3 d6 3. Bb5+ Nd7 4. O-O Ngf6 5. Re1 g6 6. c3 Bg7 7. d4 cxd4 8.
cxd4 O-O 9. Nc3 a6 10. Bf1 b5 11. h3 b4 12. Na4 Bb7 13. Bd3 Nb6 14. a3 Bc6 15.
Nxb6 Qxb6 16. d5 Bb5 17. Be3 Qb7 18. Nd4 Bxd3 19. Qxd3 Nd7 20. axb4 Qxb4 21.
Nc6 Qxb2 22. Nxe7+ Kh8 23. Ra4 Rfb8 24. Nc6 Rb3 25. Qf1 Bc3 26. Rxa6 Re8 27.
Ra7 Ne5 28. Re2 Qb1 29. Qxb1 Rxb1+ 30. Kh2 Kg7 31. Rc2 Rb3 32. Nd4 Bxd4 33.
Bxd4 Rb4 34. Rd2 g5 35. Ra6 Kg6 36. Rxd6+ f6 37. f3 1-0

[Event "Oberliga Ost A 2016 2017"]
[Site "Germany"]
[Date "2016.10.16"]
[Round "1.5"]
[White "Pietzsch, Manuel"]
[Black "Rausch, Stephan"]
[Result "0-1"]
[WhiteElo "2107"]
[BlackElo "2277"]
[PlyCount "70"]
[EventDate "2016.10.16"]
[EventType "team-tourn"]
[EventCountry "GER"]
[WhiteTeam "Leipzig SG II"]
[BlackTeam "Leipzig SG"]
[WhiteTeamCountry "GER"]
[BlackTeamCountry "GER"]

1. e4 e6 2. d4 d5 3. Nc3 Bb4 4. e5 c5 5. a3 Bxc3+ 6. bxc3 Ne7 7. Qg4 Qc7 8.
Qxg7 Rg8 9. Qxh7 cxd4 10. Ne2 Nbc6 11. f4 Bd7 12. Qd3 dxc3 13. Rb1 Nf5 14. g4
Rxg4 15. Bh3 Rg6 16. Bxf5 exf5 17. Nxc3 Ne7 18. Be3 Rc8 19. Bd4 a6 20. Kf2 Rg4
21. Ke3 b5 22. Rbg1 Qc6 23. Qf1 Qh6 24. h3 Rh4 25. Rg5 Rc4 26. Rhg1 Be6 27.
R1g3 Kd7 28. Ne2 Rxc2 29. Nc3 Nc6 30. a4 Nxd4 31. Kxd4 Qf8 32. Qb1 Rxf4+ 33.
Kd3 Rxc3+ 34. Kxc3 Qc5+ 35. Kd2 Qf2+ 0-1

[Event "Oberliga Ost A 2016 2017"]
[Site "Germany"]
[Date "2016.10.16"]
[Round "1.6"]
[White "Liedtke, Matthias"]
[Black "Limpert, Michael"]
[Result "1-0"]
[WhiteElo "2261"]
[BlackElo "2223"]
[PlyCount "77"]
[EventDate "2016.10.16"]
[EventType "team-tourn"]
[EventCountry "GER"]
[WhiteTeam "Leipzig SG"]
[BlackTeam "Leipzig SG II"]
[WhiteTeamCountry "GER"]
[BlackTeamCountry "GER"]

1. e4 c6 2. d4 d5 3. exd5 cxd5 4. c4 Nf6 5. Nc3 Nc6 6. Nf3 Bg4 7. cxd5 Nxd5 8.
Qb3 Bxf3 9. gxf3 e6 10. Qxb7 Nxd4 11. Bb5+ Nxb5 12. Qc6+ Ke7 13. Qxb5 Nxc3 14.
bxc3 Rb8 15. Qa4 Qc7 16. O-O f6 17. Bf4 e5 18. Rad1 Rb7 19. Qe4 g5 20. Rb1 Rxb1
21. Rxb1 Ke6 22. Rb7 f5 23. Qb1 Qc6 24. Be3 Bd6 25. Qb3+ Qd5 26. c4 Qxf3 27.
c5+ Qd5 28. Qxd5+ Kxd5 29. cxd6 Kxd6 30. Bxa7 e4 31. a4 Rc8 32. Rxh7 Ke5 33.
Rg7 g4 34. Be3 Rc3 35. Re7+ Kd6 36. Rb7 Ra3 37. Rb6+ Ke5 38. Rb5+ Kf6 39. a5
1-0

[Event "Oberliga Ost A 2016 2017"]
[Site "Germany"]
[Date "2016.10.16"]
[Round "1.7"]
[White "Greger, Ubald"]
[Black "Hoffmann, Hendrik"]
[Result "0-1"]
[WhiteElo "2079"]
[BlackElo "2298"]
[PlyCount "100"]
[EventDate "2016.10.16"]
[EventType "team-tourn"]
[EventCountry "GER"]
[WhiteTeam "Leipzig SG II"]
[BlackTeam "Leipzig SG"]
[WhiteTeamCountry "GER"]
[BlackTeamCountry "GER"]

1. e4 e5 2. Nf3 Nc6 3. Be2 Nf6 4. d3 Bc5 5. c3 a5 6. O-O O-O 7. Nbd2 d5 8. exd5
Nxd5 9. Nc4 Re8 10. a4 h6 11. Re1 Qf6 12. Ncd2 Bb6 13. Ne4 Qd8 14. Qc2 Bf5 15.
Bd2 Bg6 16. Rad1 f5 17. Ng3 Qf6 18. Bf1 Rad8 19. Bc1 Kh8 20. Nd2 Rd7 21. Qb3
Bc5 22. Qb5 b6 23. Nb3 Bf8 24. Be2 Red8 25. Bf3 Bf7 26. Nxf5 Na7 27. Qa6 Qxf5
28. Qxa7 Nxc3 29. bxc3 Bxb3 30. Be4 Qf6 31. Rd2 Bxa4 32. Qa6 Bc5 33. Qc4 Bc6
34. Bxc6 Qxc6 35. Rxe5 Qg6 36. d4 Bd6 37. Re6 Qh5 38. g3 b5 39. Qa2 b4 40. c4
Bf4 41. d5 Bxd2 42. Qxd2 Re8 43. Rxe8+ Qxe8 44. Bb2 Kh7 45. Qd4 a4 46. Qg4 Re7
47. c5 Re1+ 48. Kg2 Qe4+ 49. Qxe4+ Rxe4 50. d6 cxd6 0-1

[Event "Oberliga Ost A 2016 2017"]
[Site "Germany"]
[Date "2016.10.16"]
[Round "1.8"]
[White "Heistermann, Till"]
[Black "Beyer, Till"]
[Result "0-1"]
[WhiteElo "2109"]
[BlackElo "2062"]
[PlyCount "76"]
[EventDate "2016.10.16"]
[EventType "team-tourn"]
[EventCountry "GER"]
[WhiteTeam "Leipzig SG"]
[BlackTeam "Leipzig SG II"]
[WhiteTeamCountry "GER"]
[BlackTeamCountry "GER"]

1. c4 g6 2. g3 c5 3. Bg2 Bg7 4. Nc3 Nc6 5. a3 d6 6. Rb1 Nf6 7. Nh3 O-O 8. Nf4
Rb8 9. O-O Bd7 10. b4 Ng4 11. bxc5 dxc5 12. Bb2 Nge5 13. d3 a6 14. Ne4 b6 15.
h3 e6 16. h4 Qe7 17. e3 b5 18. cxb5 axb5 19. Qc2 c4 20. d4 Ng4 21. Rfd1 Rfc8
22. Nc3 e5 23. dxe5 Ncxe5 24. Ncd5 Qe8 25. Bc3 Bc6 26. Rd2 Rd8 27. Rbd1 Bxd5
28. Rxd5 Rxd5 29. Rxd5 Rd8 30. e4 Rxd5 31. exd5 h5 32. Qd2 Qd7 33. Qe1 Qa7 34.
Bb4 Nd3 35. Nxd3 cxd3 36. Kf1 Bd4 37. Qe8+ Kh7 38. d6 Be5 0-1

[Event "Oberliga Ost A 2016 2017"]
[Site "Germany"]
[Date "2016.10.16"]
[Round "1.1"]
[White "Woellermann, Jan"]
[Black "Jaeger, Dominik"]
[Result "1/2-1/2"]
[WhiteElo "2379"]
[BlackElo "2280"]
[PlyCount "161"]
[EventDate "2016.10.16"]
[EventType "team-tourn"]
[EventCountry "GER"]
[WhiteTeam "Magdeburg SG Aufbau Elbe"]
[BlackTeam "Magdeburg SV Rochade"]
[WhiteTeamCountry "GER"]
[BlackTeamCountry "GER"]

1. d4 Nf6 2. c4 g6 3. Nc3 Bg7 4. e4 d6 5. Be2 O-O 6. Bg5 Nbd7 7. Qd2 c6 8. Nf3
e5 9. O-O Re8 10. d5 Nc5 11. Qc2 cxd5 12. cxd5 h6 13. Bh4 Bd7 14. Nd2 Rc8 15.
Rfc1 Na4 16. Qb3 Nxc3 17. bxc3 b5 18. f3 a5 19. c4 b4 20. Bf2 Nh5 21. g3 f5 22.
a3 Qg5 23. Qd1 Rb8 24. axb4 Rxb4 25. Rxa5 Rb2 26. Rc2 Reb8 27. Ra2 R2b4 28. Rc1
Rb2 29. Rca1 Kh7 30. Bf1 Ba4 31. Qc1 Rxa2 32. Rxa2 fxe4 33. h4 Qf5 34. Rxa4 e3
35. Bxe3 Nxg3 36. c5 e4 37. Nxe4 Qxf3 38. Nxg3 Qxg3+ 39. Bg2 Rb2 40. Qxb2 Bxb2
41. Ra7+ Kg8 42. Bf2 Qf4 43. Ra8+ Kf7 44. Ra7+ Kf6 45. Ra6 Bd4 46. Rxd6+ Kf5
47. Bh3+ Ke4 48. Re6+ Kd3 49. Bf1+ Kc3 50. Re2 Qg4+ 51. Kh1 Qf3+ 52. Kg1 Bxf2+
53. Rxf2 Qxd5 54. Kh2 Qxc5 55. Rf3+ Kd4 56. Bg2 Qe5+ 57. Kh3 g5 58. hxg5 hxg5
59. Kg4 Qh2 60. Bh3 Ke4 61. Rg3 Qf2 62. Bg2+ Ke5 63. Kh3 Qf6 64. Re3+ Kd4 65.
Re4+ Kd3 66. Kg3 Qh6 67. Bf3 Qh8 68. Rg4 Qe5+ 69. Kg2 Qe1 70. Re4 Qc1 71. Rg4
Qd2+ 72. Kg3 Qe1+ 73. Kg2 Qe5 74. Re4 Qf5 75. Rg4 Ke3 76. Re4+ Qxe4 77. Bxe4
Kxe4 78. Kg3 Kf5 79. Kf3 g4+ 80. Kg3 Kg5 81. Kg2 1/2-1/2